Central Library OPAC University of Rajshahi

উত্তরবঙ্গের জাতি ও জনজাতি / (Record no. 82354)

MARC details
000 -LEADER
fixed length control field 01024nam a2200253 a 4500
001 - CONTROL NUMBER
control field 82354
003 - CONTROL NUMBER IDENTIFIER
rucl marc code BD-RjUL
005 - DATE AND TIME OF LATEST TRANSACTION
control field 20231127153522.0
008 - FIXED-LENGTH DATA ELEMENTS--GENERAL INFORMATION
fixed length control field 231127s2022 ii ||||| |||| 00| 0 ben d
020 ## - INTERNATIONAL STANDARD BOOK NUMBER
International Standard Book Number 9788173323386
035 ## - SYSTEM CONTROL NUMBER
System control number (BD-RjUL)82354
040 ## - CATALOGING SOURCE
Original cataloging agency BD-RjUL
Language of cataloging eng
Transcribing agency BD-RjUL
041 ## - LANGUAGE CODE
Language code of text/sound track or separate title ben
082 ## - DEWEY DECIMAL CLASSIFICATION NUMBER
Edition number 23
Classification number 305.800954
Author mark and year UTT 2022
245 ## - TITLE STATEMENT
Title উত্তরবঙ্গের জাতি ও জনজাতি /
Statement of responsibility, etc. সম্পাদনা রতন বিশ্বাস
260 ## - PUBLICATION, DISTRIBUTION, ETC. (IMPRINT)
Place of publication, distribution, etc. কলকাতা :
Name of publisher, distributor, etc. পুনশ্চ,
Date of publication, distribution, etc. ২০২২
300 ## - PHYSICAL DESCRIPTION
Pagination ৪৭৯ পৃ.;
Size ২২ সেমি.
650 ## - SUBJECT ADDED ENTRY--TOPICAL TERM
Topical term or geographic name as entry element ভারত পশ্চিমবঙ্গ
9 (RLIN) 10199
Topical term or geographic name as entry element India West Bengal
9 (RLIN) 10200
Topical term or geographic name as entry element উপজাতি ভারত পশ্চিমবঙ্গ সামাজিক জীবন ও রীতিনীতি
9 (RLIN) 10201
Topical term or geographic name as entry element Tribes India West Bengal Social life and customs
9 (RLIN) 10202
700 ## - ADDED ENTRY--PERSONAL NAME
Personal name বিশ্বাস, রতন
942 ## - ADDED ENTRY ELEMENTS (KOHA)
Source of classification or shelving scheme Dewey Decimal Classification
Koha item type Books
Holdings
Lost status Source of classification or shelving scheme Damaged status Not for loan Collection code Permanent Location Current Location Shelving location Date acquired Source of acquisition Cost, normal purchase price Total Checkouts Full call number Date last seen Copy number Koha item type Date checked out
  Dewey Decimal Classification   Not For Loan Non-fiction Central Library, University of Rajshahi Central Library, University of Rajshahi Reading Room 21/08/2023 Dhaka : BM Book 770.00   B 305.800954 UTT 2022 27/11/2023 C-1 Books  
  Dewey Decimal Classification     Non-fiction Central Library, University of Rajshahi Central Library, University of Rajshahi General Stacks 21/08/2023 Dhaka : BM Book 770.00 5 B 305.800954 UTT 2022 06/11/2025 C-2 Books 22/10/2025
  Dewey Decimal Classification     Non-fiction Central Library, University of Rajshahi Central Library, University of Rajshahi General Stacks 21/08/2023 Dhaka : BM Book 770.00   B 305.800954 UTT 2022 27/11/2023 C-3 Books